000 00468nam a2200181Ia 4500
001 13692
005 20260306164819.0
008 260306t2002||||xx |||||||||||||| ||spa||
041 _aESP
082 _a005.115
_bS22
100 _aGarcía Sánchez, Luis
_eAUT
245 0 _aConstrucción lógica de programas:
_bteoría y problemas resueltos
260 _c2002
300 _a294 páginas :
_c23 cm.
650 _aGEN
654 _aCCC
942 _cLIB
_dJUS
_fJUS
_2ddc
_n
999 _c13692
_d13692